1300 1465 1787 1299 1371 1460 1945 1359 1968 1920 1344 1572 1790 1615 1196 1279 1935 1258 1160 1563 1847 1073 1946 1983 1386 1049 1257 1275 1970 1232 1833 1662 1256 1488 1477 1948 1073 1114 1453 1934 1999 1569 1605 1302 1735 1740 1045 1334 1322 1717 1873 1123 1685 1966 1334 1978 1882 1588 1391 1061 1424 1694 1203 1771 1849 1324 1152 1668 1685 1976 1532 1351 1500 1901 1829 1016 1763 1723 1738 1491 1982 1308 1263 1972 1608 1968 1901 1553 1258 1291 1415 1341 1017 1143 1557 1342 1450 1673 1626 BCNSPRNW ULIB Ver.6.0+V

เปลี่ยนเป็นภาษาไทย

Change to English
 แสดงรายละเอียดบรรณานุกรม
  กลับหน้าหลัก

Brief Record : Get Marc (ISO 2709) : E-mail record : QR code < ปิดหน้าต่าง
LEADER : 00000nam 2200000uu 4500
001    13399110939
003     ULIB
008    110613s||||||||th 000 0 tha d
020    9749183320
050  4 AC158^bอ944ด 2004
100    แอนดรูว์ ชาร์แมน
245    เด็กๆรู้ไหมทำไมนกโดโด้สูญพนธุ์ /^cผู้แต่ง แอนดรูว์ ชาร์แมน
260    กรุงเทพฯ : ^bโกรเลียร์ อินเตอร์เนชั่นแนล, ^c2004
300    32 หน้า : ^bภาพประกอบสี ; ^c28 ซม.
650  7 ความรู้รอบตัว
650  7 นกโดโด้
945    ^p350^l0^i029033
995    ทศพร
999 ^a ใช้งานได้ทุกระบบ
รายการนี้ยังไม่มีแท็ก
คุณยังไม่ได้ล็อกอิน คุณสามารถมีกิจกรรมร่วมกับเว็บไซต์ได้ แต่ต้องล็อกอินก่อน ::
  ล็อกอิน

รายการสื่อสารสนเทศ

ลำดับที่ ประเภท เลขเรียก/บาร์โค้ด สถานที่ สถานะ
- ไม่พบข้อมูล -

รายการใกล้เคียง
    ผู้แต่ง [แอนดรูว์ ชาร์แมน]

    หัวเรื่อง [ความรู้รอบตัว]

BibComment


ยังไม่เคยถูกคอมเมนท์

คอมเมนท์ทรัพยากรรายการนี้
  คอมเมนท์: เด็กๆรู้ไหมทำไมนก..


 Copyright 2026. Bcnsprnw @Library